[Event "Olimpiade 2022 - Open"]
[Site "Chennai"]
[Date "05.08.2022"]
[Round "7.58"]
[Board "2"]
[White "El Jawich, Amro"]
[Black "Diarra, Sirike"]
[Result "1-0"]
[WhiteTitle "FM"]
[WhiteElo "2314"]
[BlackElo "1641"]
[WhiteTeam "Lebanon"]
[BlackTeam "Mali"]
[WhiteFideId "5300380"]
[BlackFideId "19800088"]
[EventDate "2022.07.29"]

1. e4 c5 2. Nf3 Nc6 3. Bb5 Nf6 4. e5 Nd5 5. O-O e6 6. c4 Nc7 7. Bxc6 bxc6 8. Nc3
Be7 9. b3 O-O 10. Ba3 Na6 11. Ne4 f5 12. Nd6 Bxd6 13. exd6 Qf6 14. Re1 Bb7 15.
Ne5 Rad8 16. Bb2 Qh6 17. Bc3 Bc8 18. Re3 f4 19. Rh3 Qg5 20. Rh5 Qf6 21. Qc2 g6
22. Ng4 Nb4 23. Bxf6 Rxf6 1-0

[Event "Olimpiade 2022 - Open"]
[Site "Chennai"]
[Date "05.08.2022"]
[Round "7.59"]
[Board "1"]
[White "Yahi, Mohamed Salem"]
[Black "Toczek, Grzegorz"]
[Result "0-1"]
[WhiteTitle "CM"]
[BlackTitle "FM"]
[WhiteElo "1862"]
[BlackElo "2287"]
[WhiteTeam "Mauritania"]
[BlackTeam "Wales"]
[WhiteFideId "19600160"]
[BlackFideId "1106457"]
[EventDate "2022.07.29"]

1. e4 d5 2. exd5 Qxd5 3. Nc3 Qa5 4. d4 Nf6 5. Bd3 c6 6. Ne2 g6 7. O-O Bg7 8. Bd2
O-O 9. h3 Nbd7 10. Qc1 Re8 11. Re1 Qd8 12. Ng3 Nb6 13. Nce2 Nfd7 14. Bh6 Bh8 15.
c4 Ne5 16. Rd1 Nxd3 17. Rxd3 e5 18. a4 exd4 19. Bg5 Qc7 20. Nxd4 Nd7 21. Nf3 Nc5
22. Bf4 Nxd3 23. Bxc7 Nxc1 24. Rxc1 Bxb2 25. Rd1 Bg7 26. Ne4 Be6 27. Rc1 b6 28.
g4 Bxg4 29. Nfd2 Bxh3 30. Bf4 c5 31. Nc3 Be5 32. Be3 Be6 33. Nce4 f5 34. Ng5 f4
35. Ndf3 Bc7 36. Bd2 Bf5 37. Nh4 Bd3 38. Ng2 h6 39. Bxf4 Bxf4 40. Nxf4 Rad8 41.
Nf3 Re4 42. Nd5 Kg7 43. Ne3 Be2 44. Ne1 Rdd4 45. a5 Bxc4 46. axb6 axb6 47. Nf3
Rg4+ 48. Nxg4 Rxg4+ 49. Kh2 Bd5 50. Ne5 Rg2+ 51. Kh3 Rxf2 52. Ra1 Ra2 53. Rd1
Be6+ 54. Kg3 Kf6 55. Nc6 Ra3+ 56. Kh2 Bf5 57. Rd6+ Kg5 58. Ne5 b5 59. Kg2 h5 60.
Kf2 b4 61. Rb6 Rc3 62. Nc6 b3 63. Na5 Rc2+ 64. Ke3 b2 65. Nc6 Rh2 66. Ne5 Rh3+ 0-1

[Event "Olimpiade 2022 - Open"]
[Site "Chennai"]
[Date "05.08.2022"]
[Round "7.60"]
[Board "4"]
[White "Wu, Bing-Shen"]
[Black "Eiti, Bashir"]
[Result "0-1"]
[BlackTitle "IM"]
[WhiteElo "1660"]
[BlackElo "2337"]
[WhiteTeam "Chinese Taipei"]
[BlackTeam "Syria"]
[WhiteFideId "16301536"]
[BlackFideId "7601875"]
[EventDate "2022.07.29"]

1. d4 Nf6 2. Nf3 d5 3. c4 c6 4. g3 Bf5 5. Bg2 e6 6. Qb3 Qb6 7. c5 Qxb3 8. axb3
Nbd7 9. Nc3 a6 10. b4 Rc8 11. O-O Be7 12. h3 O-O 13. g4 Bg6 14. Bf4 h5 15. g5
Nh7 16. h4 Bf5 17. Kh2 f6 18. g6 Bxg6 19. Bh3 Bf5 20. Bxf5 exf5 21. Rg1 Rf7 22.
Nd1 Nhf8 23. Ne3 Ne6 24. Bd6 Bxd6+ 25. cxd6 f4 26. Nf5 Kh7 27. Rae1 Ndf8 28. e4
dxe4 29. Rxe4 Rd8 30. Rge1 g6 31. Ne7 Rxd6 32. Nc8 Rd8 33. Nb6 Nc7 34. Rxf4 Kg7
35. d5 cxd5 36. Nd4 Rd6 37. Nc8 Rd8 38. Nb6 Nd7 39. Nxd5 Nxd5 40. Ne6+ Kg8 41.
Rd4 Re8 42. Rxd5 Ne5 43. Kg3 Rxe6 44. f4 Rfe7 45. fxe5 Rxe5 46. Rexe5 Rxe5 47.
Rd8+ Kf7 48. Rd7+ Re7 49. Rd6 Re3+ 50. Kf4 Re5 51. Rd7+ Ke6 52. Rxb7 Rb5 53. Ra7
Rxb4+ 54. Kg3 Rb6 55. Kf4 Kd5 56. Rg7 Rb4+ 57. Kg3 Rg4+ 58. Kf3 Kc5 59. Ra7 Kb5
60. Rb7+ Ka5 61. Rf7 f5 62. Rf6 Kb5 63. Re6 a5 64. Rf6 a4 65. Re6 Kc4 66. Rb6
Kd3 67. Rc6 Kd2 68. Kf2 Rxh4 69. Rxg6 Rf4+ 0-1

[Event "Olimpiade 2022 - Open"]
[Site "Chennai"]
[Date "05.08.2022"]
[Round "7.63"]
[Board "2"]
[White "Rongwane, Gomolemo"]
[Black "Vasco, Mateus Felizardo Viageiro"]
[Result "1-0"]
[WhiteElo "2033"]
[BlackElo "1852"]
[WhiteTeam "Botswana"]
[BlackTeam "Mozambique"]
[WhiteFideId "11301120"]
[BlackFideId "14800403"]
[EventDate "2022.07.29"]

1. d4 Nf6 2. Nf3 e6 3. e3 b6 4. Bd3 Bb7 5. O-O Be7 6. Nbd2 c5 7. b3 cxd4 8. exd4
O-O 9. Bb2 d6 10. Re1 Nbd7 11. c4 Re8 12. Qc2 Rc8 13. Rad1 Qc7 14. Qb1 Bf8 15.
Re3 g6 16. Qa1 Bh6 17. Ree1 Nh5 18. Bf1 Bg7 19. g3 Qb8 20. Bh3 Rcd8 21. Re2 Qa8
22. Re3 f5 23. Bg2 Bh6 24. Rd3 e5 25. dxe5 Nc5 26. Rd5 Bxd5 27. cxd5 dxe5 28.
Nxe5 Bg7 29. b4 Bxe5 30. bxc5 Bxb2 31. Qxb2 Rxd5 32. Qb3 Rd8 33. Nf1 Nf6 34. Ne3
Kg7 35. Nxd5 Nxd5 36. Rxd5 Rxd5 37. Qxd5 Qxd5 38. Bxd5 bxc5 39. f4 Kf6 40. Kf2
Ke7 41. Ke3 Kd6 42. Bg8 Ke7 43. Kd3 h6 44. Kc4 Kf6 45. a4 g5 46. Kxc5 gxf4 47.
gxf4 Kg6 48. Be6 Kh5 49. Bxf5 Kh4 50. Kd6 a5 51. Bg6 1-0

[Event "Olimpiade 2022 - Open"]
[Site "Chennai"]
[Date "05.08.2022"]
[Round "7.64"]
[Board "3"]
[White "Kyaw, Myat Aung"]
[Black "Alhejab, Meshal"]
[Result "1-0"]
[WhiteElo "1839"]
[BlackElo "1732"]
[WhiteTeam "Myanmar"]
[BlackTeam "Kuwait"]
[WhiteFideId "13012541"]
[BlackFideId "10302603"]
[EventDate "2022.07.29"]

1. e4 c5 2. Nf3 Nc6 3. Nc3 e5 4. Bc4 d6 5. a4 g6 6. d3 h6 7. Nd5 Bg7 8. Be3 Nf6
9. Nxf6+ Qxf6 10. Qd2 Bg4 11. Ng1 Rc8 12. Ne2 Qd8 13. O-O Ne7 14. f4 d5 15. exd5
Nxd5 16. fxe5 O-O 17. Nc3 Nxe3 18. Qxe3 Qd4 19. Qxd4 cxd4 20. Nd5 Kh8 21. Rae1
Be6 22. b3 a6 23. Nb6 Rc7 24. a5 Re8 25. Bxe6 Rxe6 26. Nc4 Rce7 27. b4 Kg8 28.
Rf4 Rd7 29. Ree4 Bf8 30. Rxd4 Rxd4 31. Rxd4 Bxb4 32. Rd8+ Kg7 33. Kf2 Bc3 34.
Rd7 Bxe5 35. Rxb7 Bc3 36. Kf3 Bd4 37. Rd7 Bc3 38. d4 Kf6 39. Ne5 Bxa5 40. Rxf7+
Kg5 41. Ke4 Bc3 42. Rf3 Be1 43. d5 Re8 44. d6 Ba5 45. Kd5 Rc8 46. c4 Rb8 1-0

[Event "Olimpiade 2022 - Open"]
[Site "Chennai"]
[Date "05.08.2022"]
[Round "7.65"]
[Board "2"]
[White "Bridet, Robert"]
[Black "Schadler, Martin"]
[Result "1-0"]
[WhiteElo "1497"]
[BlackElo "1939"]
[WhiteTeam "Dominica"]
[BlackTeam "Liechtenstein"]
[WhiteFideId "93800037"]
[BlackFideId "12000019"]
[EventDate "2022.07.29"]

1. e4 d6 2. d4 g6 3. Nf3 Bg7 4. Be3 a6 5. Nbd2 Nd7 6. c3 b6 7. Bc4 b5 8. Bd5 Rb8
9. Bxf7+ Kf8 10. Ng5 Nb6 11. Qf3 Nf6 12. Ne6+ Bxe6 13. Bxe6 Nd7 14. Qf4 h5 15.
Nf3 Bh6 16. Qh4 Kg7 17. e5 Ng4 18. Bg5 Bxg5 19. Nxg5 Nh6 20. Qh3 Nf8 21. Qf3 Qe8
22. O-O Nxe6 23. Nxe6+ Kh7 24. Nxc7 Qd7 25. exd6 Qxd6 26. Qg3 Qc6 27. d5 Qd6 28.
Qxd6 exd6 29. Nxa6 Rbe8 30. Rfe1 Ng4 31. Nc7 Rb8 32. Re7+ Kh6 33. Rae1 Ne5 34.
f4 Nd3 35. R1e6 Nxf4 36. Rxd6 Nd3 37. Ree6 Rhg8 38. Rb6 Rbd8 39. Rxb5 Rd7 40. d6
Rf8 41. Rb6 Rdf7 42. h4 Rf1+ 43. Kh2 Nf2 44. d7 Ng4+ 45. Kg3 R8f2 46. Rxg6+ Kh7
47. Rxg4 1-0

[Event "Olimpiade 2022 - Open"]
[Site "Chennai"]
[Date "05.08.2022"]
[Round "7.67"]
[Board "1"]
[White "Willem Blijstra"]
[Black "Van den Brink, Peter"]
[Result "0-1"]
[WhiteTitle "FM"]
[WhiteElo "2198"]
[BlackElo "2167"]
[WhiteTeam "Netherlands Antilles"]
[BlackTeam "Aruba"]
[WhiteFideId "1018000"]
[BlackFideId "1002945"]
[EventDate "2022.07.29"]

1. d4 d5 2. Nf3 Nf6 3. c4 e6 4. Bg5 Be7 5. e3 h6 6. Bh4 Ne4 7. Bxe7 Qxe7 8. Qb3
c6 9. Bd3 Nd7 10. O-O O-O 11. Qc2 Nef6 12. Qc3 c5 13. Nbd2 b6 14. Ne5 Bb7 15. f4
cxd4 16. exd4 Rfc8 17. b3 dxc4 18. bxc4 Nd5 19. Qb2 Ne3 20. Rf2 Nxe5 21. fxe5
Qg5 22. g3 h5 23. Rf4 Rc7 24. Be4 Nxc4 25. Qc3 Rac8 26. Bxb7 Nxd2 27. Qxd2 Rxb7
28. Raf1 Rbc7 29. R1f2 Qg6 30. d5 exd5 31. Qxd5 Qe6 32. Qf3 Qxe5 33. Rxf7 Qg5
34. Kg2 Rc2 35. Rf8+ Kh7 36. Qe4+ Qg6 37. Qxg6+ Kxg6 38. a4 Rxf2+ 39. Rxf2 Rc4
40. Ra2 Rb4 41. a5 b5 42. a6 Ra4 43. Rb2 b4 44. Kf3 Kf5 45. Kf2 0-1

[Event "Olimpiade 2022 - Open"]
[Site "Chennai"]
[Date "05.08.2022"]
[Round "7.71"]
[Board "1"]
[White "Ortega Amarelle, Mariano"]
[Black "Khan, Taffin"]
[Result "1-0"]
[WhiteTitle "IM"]
[BlackTitle "CM"]
[WhiteElo "2463"]
[BlackElo "2019"]
[WhiteTeam "Cape Verde"]
[BlackTeam "Guyana"]
[WhiteFideId "3504301"]
[BlackFideId "19700024"]
[EventDate "2022.07.29"]

1. d4 Nf6 2. c4 e6 3. Nc3 Bb4 4. e3 O-O 5. Bd3 d6 6. Ne2 Nc6 7. a3 Bxc3+ 8. Nxc3
e5 9. d5 Ne7 10. O-O Ne8 11. f4 f5 12. b4 e4 13. Be2 a5 14. Bb2 axb4 15. axb4
Rxa1 16. Qxa1 Bd7 17. Qa7 b6 18. Ra1 Ng6 19. g3 Nh8 20. Bd1 Nf7 21. Ra2 h6 22.
Ba1 Kh7 23. Rg2 g5 24. Qa2 Rg8 25. Qd2 Qf6 26. Bb2 Qg6 27. Bc2 h5 28. h3 Nh6 29.
fxg5 Qxg5 30. Qf2 h4 31. Ne2 Nf6 32. g4 Nfxg4 33. hxg4 Nxg4 34. Qf4 h3 35. Rg3
h2+ 36. Kh1 Qxf4 37. exf4 Ra8 38. Nc3 Kg6 39. Bd1 e3 40. Bxg4 fxg4 41. Rxe3 Rh8
42. Ne2 Rh7 43. Ng3 Ba4 44. f5+ Kf7 45. Nf1 Rh5 46. f6 Rf5 47. Nxh2 Rf4 48. Kg2
Rxc4 49. Kg3 Bd1 50. Bc3 Kg6 51. Nf1 Kf5 1-0

[Event "Olimpiade 2022 - Open"]
[Site "Chennai"]
[Date "05.08.2022"]
[Round "7.72"]
[Board "1"]
[White "Husbands, Orlando"]
[Black "Moncur, Cecil"]
[Result "1/2-1/2"]
[WhiteTitle "IM"]
[BlackTitle "FM"]
[WhiteElo "2353"]
[BlackElo "1815"]
[WhiteTeam "Barbados"]
[BlackTeam "Bahamas"]
[WhiteFideId "11101644"]
[BlackFideId "10400583"]
[EventDate "2022.07.29"]

1. d4 g6 2. c4 Bg7 3. Nc3 d6 4. e4 Nc6 5. Be3 e5 6. d5 Nce7 7. g4 f5 8. gxf5
gxf5 9. Qh5+ Ng6 10. exf5 Qh4 11. Qf3 N6e7 12. Nb5 Kd8 13. Nh3 Bh6 14. Bd3 a6
15. Nc3 Bxe3 16. Qxe3 Nxf5 17. Qg5+ Qxg5 18. Nxg5 Ke7 19. Ne6 Bxe6 20. dxe6 Nd4
21. Nd5+ Kd8 22. O-O-O Nxe6 23. Bf5 Nd4 24. Bh3 Ne7 25. Nxe7 Kxe7 26. Rhe1 c5
27. f4 Kf6 28. fxe5+ dxe5 29. Rf1+ Kg7 30. Bg2 Rab8 31. Rde1 Rhe8 32. Bd5 Re7
33. Rg1+ Kh8 34. Rg5 Rbe8 35. Re4 Rg7 36. Rxg7 Kxg7 37. Bxb7 Kf6 38. Rh4 Re7 39.
Be4 Kg5 40. Rxh7 Rxh7 41. Bxh7 Nf3 42. h3 Ng1 43. h4+ Kxh4 44. Kd2 Kg3 45. Ke3
Nf3 46. Bf5 a5 47. a3 Ng5 48. Bd7 Nf3 49. Be6 Ng5 50. Bd5 Kg4 51. Be4 Ne6 52.
Bb7 Kf5 53. Bc8 Kf6 54. Ke4 Nf4 55. Bg4 Kg5 56. Bd7 Kf6 57. Bc8 Ng6 58. Bf5 Nf4
59. Bg4 Kg5 60. Bc8 Kf6 61. Bd7 Ke7 62. Kxe5 Nd3+ 63. Ke4 Nxb2 1/2-1/2

[Event "Olimpiade 2022 - Open"]
[Site "Chennai"]
[Date "05.08.2022"]
[Round "7.83"]
[Board "4"]
[White "Nxumalo, Vuyo"]
[Black "Adeshole Beckley, Brian"]
[Result "1-0"]
[WhiteElo "1493"]
[BlackElo "1590"]
[WhiteTeam "Eswatini"]
[BlackTeam "Sierra Leone"]
[WhiteFideId "20700253"]
[BlackFideId "17800013"]
[EventDate "2022.07.29"]

1. e4 e6 2. Nf3 d5 3. exd5 exd5 4. d4 Bd6 5. Bd3 Ne7 6. O-O O-O 7. h3 Bf5 8. Re1
Bg6 9. Bg5 f6 10. Be3 Nd7 11. Nh4 c6 12. Nxg6 Nxg6 13. Qg4 Qe8 14. Nd2 Qf7 15.
Bf5 Rae8 16. Bxd7 f5 17. Bxe8 Rxe8 18. Qh5 f4 19. Bxf4 Rxe1+ 20. Rxe1 Qxf4 21.
Nf3 Nf8 22. g3 Qf6 23. Kg2 g6 24. Qg4 h5 25. Qg5 Kg7 26. h4 Nh7 27. Qxf6+ Nxf6
28. Ng5 b6 29. Re6 Bf8 30. Rxc6 1-0

[Event "Olimpiade 2022 - Open"]
[Site "Chennai"]
[Date "06.08.2022"]
[Round "8.1"]
[Board "1"]
[White "Sargissian, Gabriel"]
[Black "Harikrishna, Pentala"]
[Result "1-0"]
[WhiteTitle "GM"]
[BlackTitle "GM"]
[WhiteElo "2698"]
[BlackElo "2720"]
[WhiteTeam "Armenia"]
[BlackTeam "India"]
[WhiteFideId "13300881"]
[BlackFideId "5007003"]
[EventDate "2022.07.29"]

1. d4 d5 2. c4 c6 3. Nf3 Nf6 4. e3 Bf5 5. Nc3 e6 6. Nh4 Be4 7. f3 Bg6 8. Qb3 Qb6
9. Nxg6 hxg6 10. Bd2 Nbd7 11. O-O-O Qxb3 12. axb3 Bb4 13. Be2 O-O-O 14. Kb1 a6
15. Be1 Bd6 16. h4 g5 17. Rh3 gxh4 18. Bxh4 Rh6 19. Rdh1 Rdh8 20. Bf1 Nf8 21. g4
Ng6 22. Bf2 Rxh3 23. Rxh3 Rxh3 24. Bxh3 Kd8 25. Kc2 c5 26. Ne2 cxd4 27. Nxd4
dxc4 28. bxc4 Ne5 29. g5 Nfd7 30. Bf1 Nc6 31. Nxc6+ bxc6 32. Be1 c5 33. f4 g6
34. Bg2 Nb8 35. Kd3 Kd7 36. Bf3 Nc6 37. Bd1 Kc7 38. Ba4 Kb6 39. Ke4 Kc7 40. Bc3
Kb6 41. Kf3 Kc7 42. Bf6 Kb6 43. Bg7 Kc7 44. Kg4 e5 45. Bf6 exf4 46. exf4 Bf8 47.
Kf3 Bd6 48. Ke4 Bf8 49. Bc3 Kd6 50. Bf6 Kc7 51. f5 gxf5+ 52. Kxf5 Kd6 53. Ke4
Na5 54. Be5+ Ke6 55. Bd1 Nc6 56. Bg4+ Ke7 57. Bc3 Nb4 58. Bf6+ Ke8 59. Bd1 Kd7
60. Kf5 Nc6 61. Bh5 Ke8 62. Ke4 Nb4 63. Bg4 Nc6 64. Bc8 Nb4 65. Kf5 Be7 66. Bc3
Kd8 67. Bb7 Kc7 68. Bf3 Kd7 69. Bh5 Ke8 70. Bd1 Kf8 71. Ba4 Bd6 72. Bf6 Kg8 73.
Bd1 Kf8 74. Ba4 Kg8 75. g6 fxg6+ 76. Kxg6 Kf8 77. Kf5 Nd3 78. Ke6 Bg3 79. Be7+
Kg7 80. Bc2 Nb4 81. Be4 Bf2 82. b3 Bd4 83. Bd6 Be3 84. Be5+ Kf8 85. Kd7 Kf7 86.
Bf5 Bf2 87. Kd6 Be3 88. Be4 Bf2 89. Kd7 Be3 90. Bd6 Kf6 91. Kc7 Ke6 92. Bh7 Na2
93. Be4 Bd4 94. Bf8 Nc3 95. Bc2 Na2 96. Kb6 Nb4 97. Bb1 a5 98. Bxc5 Bxc5+ 99.
Kxc5 Kd7 100. Kb6 Kc8 101. Kxa5 Nc6+ 102. Kb6 1-0

[Event "Olimpiade 2022 - Open"]
[Site "Chennai"]
[Date "06.08.2022"]
[Round "8.1"]
[Board "2"]
[White "Vidit, Santosh Gujrathi"]
[Black "Melkumyan, Hrant"]
[Result "1/2-1/2"]
[WhiteTitle "GM"]
[BlackTitle "GM"]
[WhiteElo "2714"]
[BlackElo "2634"]
[WhiteTeam "India"]
[BlackTeam "Armenia"]
[WhiteFideId "5029465"]
[BlackFideId "13302485"]
[EventDate "2022.07.29"]

1. d4 d5 2. c4 e6 3. Nc3 Nf6 4. cxd5 exd5 5. Bg5 c6 6. e3 h6 7. Bh4 Be7 8. Bd3
O-O 9. Nge2 Re8 10. O-O Nbd7 11. Qc2 Nh5 12. Bxe7 Qxe7 13. Rae1 Nb6 14. Nc1 Nc4
15. Qe2 Qg5 16. f4 Qh4 17. g3 Qg4 18. e4 Qxe2 19. Bxe2 Nf6 20. e5 Nh7 21. b3 Ne3
22. Rf3 Nf5 23. Rd3 g6 24. b4 h5 25. Nb3 Nf8 26. h3 h4 27. g4 Ng3 28. Rf3 f5 29.
exf6 Nh7 30. Nc5 Nxf6 31. Nd3 a5 32. bxa5 Nxe2+ 33. Rxe2 Rxe2 34. Nxe2 Rxa5 35.
Nc3 Ne4 36. Ne5 Kg7 37. Nxe4 dxe4 38. Re3 Rxa2 39. Rxe4 Ra3 40. Kh2 Ra2+ 41. Kg1
Ra3 42. Kh2 Ra2+ 1/2-1/2

[Event "Olimpiade 2022 - Open"]
[Site "Chennai"]
[Date "06.08.2022"]
[Round "8.1"]
[Board "4"]
[White "Narayanan, S.L."]
[Black "Hovhannisyan, Robert"]
[Result "1/2-1/2"]
[WhiteTitle "GM"]
[BlackTitle "GM"]
[WhiteElo "2659"]
[BlackElo "2591"]
[WhiteTeam "India"]
[BlackTeam "Armenia"]
[WhiteFideId "5058422"]
[BlackFideId "13302507"]
[EventDate "2022.07.29"]

1. d4 d5 2. c4 c6 3. Nf3 Nf6 4. Nc3 e6 5. Bg5 Nbd7 6. e3 Qa5 7. cxd5 Nxd5 8. Rc1
h6 9. Bh4 Nxc3 10. bxc3 Ba3 11. Rc2 b6 12. Be2 Ba6 13. O-O Bxe2 14. Rxe2 O-O 15.
e4 Rfe8 16. Re3 Bf8 17. e5 c5 18. d5 Qxa2 19. d6 a5 20. Qd3 Qd5 21. Qb5 Qb7 22.
Ra1 Rec8 23. c4 Qc6 24. Bg3 Qxb5 25. cxb5 f6 26. exf6 gxf6 27. Rxe6 Re8 28. Rxe8
Rxe8 29. Nd2 Re6 30. Nc4 Re4 31. Rc1 Rd4 32. Kf1 Rd3 33. Rb1 Rd4 34. Rc1 Rd3 35.
Rb1 Rc3 36. Ne3 Ra3 37. Ke2 Ra4 38. Kd3 Kf7 39. Nc4 Rb4 40. Rb2 Ke6 41. Re2+ Kf7
42. Rb2 a4 43. Ra2 f5 44. Bf4 Bg7 45. Bd2 Rxb5 1/2-1/2

[Event "Olimpiade 2022 - Open"]
[Site "Chennai"]
[Date "06.08.2022"]
[Round "8.2"]
[Board "2"]
[White "Nihal, Sarin"]
[Black "Aronian, Levon"]
[Result "1/2-1/2"]
[WhiteTitle "GM"]
[BlackTitle "GM"]
[WhiteElo "2651"]
[BlackElo "2775"]
[WhiteTeam "India 2"]
[BlackTeam "United States of America"]
[WhiteFideId "25092340"]
[BlackFideId "13300474"]
[EventDate "2022.07.29"]

1. d4 Nf6 2. c4 e6 3. Nf3 d5 4. Nc3 Bb4 5. Qa4+ Nc6 6. e3 O-O 7. Bd2 Re8 8. a3
Bf8 9. h3 a6 10. Rd1 Ne7 11. Qc2 b6 12. Be2 Bb7 13. O-O Ng6 14. Ne5 c5 15. Nxg6
hxg6 16. dxc5 bxc5 17. Bf3 Nd7 18. cxd5 Ne5 19. Be4 f5 20. f4 fxe4 21. fxe5 exd5
22. Be1 Rxe5 23. Bg3 Re6 24. Nxd5 Bxd5 25. Qd2 c4 26. Qxd5 Qxd5 27. Rxd5 c3 28.
bxc3 Bxa3 29. Be5 Be7 30. Ra1 Rc8 31. Bd4 Bf6 32. Rda5 Rcc6 33. Kf2 Bd8 34. Rd5
Red6 35. Re5 1/2-1/2

[Event "Olimpiade 2022 - Open"]
[Site "Chennai"]
[Date "06.08.2022"]
[Round "8.2"]
[Board "3"]
[White "So, Wesley"]
[Black "Praggnanandhaa, R"]
[Result "1/2-1/2"]
[WhiteTitle "GM"]
[BlackTitle "GM"]
[WhiteElo "2773"]
[BlackElo "2648"]
[WhiteTeam "United States of America"]
[BlackTeam "India 2"]
[WhiteFideId "5202213"]
[BlackFideId "25059530"]
[EventDate "2022.07.29"]

1. e4 c5 2. Nf3 Nc6 3. Nc3 g6 4. d4 cxd4 5. Nxd4 Bg7 6. Be3 Nf6 7. Bc4 O-O 8.
Bb3 d6 9. f3 Qa5 10. Qd2 Nxd4 11. Bxd4 Be6 12. h4 b5 13. h5 Bxb3 14. cxb3 e5 15.
Be3 b4 16. Nd5 Nxd5 17. exd5 e4 18. f4 Qb5 19. f5 Rac8 20. Rf1 Be5 21. Kf2 Qd3
22. Qxd3 exd3 23. Rad1 Rc2+ 24. Kf3 Rxb2 25. Rf2 Rxf2+ 26. Bxf2 gxf5 27. Bxa7
Ra8 28. Be3 Rxa2 29. Rxd3 Ra8 30. Bd2 Rb8 31. Ke2 Rb5 32. Rf3 Rxd5 33. Bxb4 1/2-1/2

[Event "Olimpiade 2022 - Open"]
[Site "Chennai"]
[Date "06.08.2022"]
[Round "8.2"]
[Board "4"]
[White "Sadhwani, Raunak"]
[Black "Dominguez Perez, Leinier"]
[Result "1-0"]
[WhiteTitle "GM"]
[BlackTitle "GM"]
[WhiteElo "2611"]
[BlackElo "2754"]
[WhiteTeam "India 2"]
[BlackTeam "United States of America"]
[WhiteFideId "35093487"]
[BlackFideId "3503240"]
[EventDate "2022.07.29"]

1. e4 c5 2. Nf3 d6 3. d4 cxd4 4. Nxd4 Nf6 5. Nc3 a6 6. Be3 e5 7. Nb3 Be6 8. f3
h5 9. Qd2 Nbd7 10. O-O-O Be7 11. Kb1 Rc8 12. Bd3 b5 13. h3 h4 14. Rhe1 O-O 15.
Rg1 b4 16. Ne2 d5 17. g3 dxe4 18. fxe4 a5 19. gxh4 Kh8 20. Rg5 a4 21. Nbd4 exd4
22. Bxd4 Rg8 23. Rdg1 Nf8 24. Bxf6 Bxf6 25. Rh5+ Nh7 26. e5 g6 27. Qh6 Rg7 28.
exf6 Qxf6 29. Rb5 b3 30. axb3 axb3 31. cxb3 Bd7 32. Rb4 Bf5 33. Qe3 Rgg8 34.
Bxf5 Qxf5+ 35. Ka1 Rge8 36. Qd4+ Nf6 37. Nc3 Red8 38. Qe3 Kg7 39. Rf4 Qa5+ 40.
Na4 Nd5 41. Qe5+ Kg8 42. Rd4 Rc5 43. Rgd1 f6 44. Qe4 Kf8 45. Qxg6 1-0

[Event "Olimpiade 2022 - Open"]
[Site "Chennai"]
[Date "06.08.2022"]
[Round "8.3"]
[Board "2"]
[White "Yakubboev, Nodirbek"]
[Black "Bluebaum, Matthias"]
[Result "1-0"]
[WhiteTitle "GM"]
[BlackTitle "GM"]
[WhiteElo "2620"]
[BlackElo "2673"]
[WhiteTeam "Uzbekistan"]
[BlackTeam "Germany"]
[WhiteFideId "14203987"]
[BlackFideId "24651516"]
[EventDate "2022.07.29"]

1. e4 e5 2. Nf3 Nf6 3. Nxe5 d6 4. Nf3 Nxe4 5. d4 d5 6. Bd3 Bd6 7. O-O O-O 8. c4
c6 9. Re1 Bf5 10. Qb3 Qd7 11. c5 Bc7 12. Nc3 Re8 13. Be3 h6 14. Rac1 Qc8 15. Nh4
Bh7 16. f3 Nxc3 17. Qxc3 Nd7 18. Bxh7+ Kxh7 19. Nf5 Qd8 20. Bf2 Qf6 21. g4 g6
22. Bh4 Qh8 23. Nd6 Bxd6 24. cxd6 g5 25. Bg3 Qf6 26. Kg2 Nb6 27. b3 a5 28. Rc2
Nd7 29. Rce2 Re6 30. Qd3+ Kg7 31. Rxe6 fxe6 32. Qe3 Re8 33. f4 gxf4 34. Bxf4 Qg6
35. h3 h5 36. Be5+ Kh7 37. g5 Kg8 38. Bg3 Kh7 39. h4 Kg8 40. Qe2 Kg7 41. Kh2 Kg8
42. Qd2 Ra8 43. Re3 a4 44. b4 b5 45. Qe2 Re8 46. Be5 Kh7 47. Bf6 Qf7 48. Be7
Qf4+ 49. Kh3 Kg8 50. Rxe6 Nf8 51. Rf6 Qc1 52. Qf3 1-0

[Event "Olimpiade 2022 - Open"]
[Site "Chennai"]
[Date "06.08.2022"]
[Round "8.3"]
[Board "3"]
[White "Svane, Rasmus"]
[Black "Sindarov, Javokhir"]
[Result "1/2-1/2"]
[WhiteTitle "GM"]
[BlackTitle "GM"]
[WhiteElo "2649"]
[BlackElo "2629"]
[WhiteTeam "Germany"]
[BlackTeam "Uzbekistan"]
[WhiteFideId "4657101"]
[BlackFideId "14205483"]
[EventDate "2022.07.29"]

1. d4 Nf6 2. Nf3 g6 3. Nbd2 d5 4. b3 a5 5. e3 Bg7 6. Bb2 a4 7. c4 O-O 8. Bd3 c5
9. dxc5 Na6 10. cxd5 Nxc5 11. Bc4 Nxd5 12. Bxg7 Kxg7 13. O-O Nb6 14. Be2 axb3
15. axb3 Bg4 16. Rxa8 Qxa8 17. Qc2 Rc8 18. Qc3+ Kg8 19. Qb4 Bxf3 20. Nxf3 Nd5
21. Qd4 b5 22. Ra1 Qc6 23. Rc1 b4 24. Ne5 Qd6 25. Ng4 f6 26. Bc4 Ne6 27. Qd3 Kg7
28. Rd1 Nec7 29. e4 h5 30. Ne3 Nxe3 31. Qxd6 exd6 32. fxe3 Rd8 33. Rd4 Kf8 34.
Be2 Ne6 35. Rxb4 Nc5 36. Rb6 Nxe4 37. Bd3 f5 38. b4 Ke7 39. Bxe4 fxe4 40. b5 Rc8
41. Rb7+ 1/2-1/2

[Event "Olimpiade 2022 - Open"]
[Site "Chennai"]
[Date "06.08.2022"]
[Round "8.3"]
[Board "4"]
[White "Vakhidov, Jakhongir"]
[Black "Nisipeanu, Liviu-Dieter"]
[Result "1/2-1/2"]
[WhiteTitle "GM"]
[BlackTitle "GM"]
[WhiteElo "2564"]
[BlackElo "2642"]
[WhiteTeam "Uzbekistan"]
[BlackTeam "Germany"]
[WhiteFideId "14201801"]
[BlackFideId "1202758"]
[EventDate "2022.07.29"]

1. c4 Nf6 2. Nc3 e6 3. e4 d5 4. cxd5 exd5 5. e5 Ne4 6. Nf3 Bf5 7. d3 Nxc3 8.
bxc3 c5 9. d4 Qa5 10. Bd2 Nc6 11. c4 Qd8 12. Qb3 Be4 13. Qxb7 Rc8 14. Ng5 Be7
15. Nxe4 dxe4 16. d5 Nxe5 17. Qb5+ Qd7 18. Rb1 Qxb5 19. Rxb5 Kd7 20. Rb7+ Kd6
21. Be2 Rb8 22. Rb3 Rxb3 23. axb3 Rb8 24. Bd1 a5 25. Bc2 a4 26. bxa4 Nxc4 27.
Bf4+ Ne5 28. Bxe4 Rb4 29. Bxe5+ Kxe5 30. Bc2 Bd8 1/2-1/2

[Event "Olimpiade 2022 - Open"]
[Site "Chennai"]
[Date "06.08.2022"]
[Round "8.4"]
[Board "1"]
[White "Jumabayev, Rinat"]
[Black "Mamedov, Rauf"]
[Result "1/2-1/2"]
[WhiteTitle "GM"]
[BlackTitle "GM"]
[WhiteElo "2617"]
[BlackElo "2656"]
[WhiteTeam "Kazakhstan"]
[BlackTeam "Azerbaijan"]
[WhiteFideId "13702661"]
[BlackFideId "13401653"]
[EventDate "2022.07.29"]

1. d4 d5 2. c4 c6 3. Nf3 Nf6 4. e3 Bf5 5. Nc3 e6 6. Nh4 Bg6 7. Nxg6 hxg6 8. Qd3
Nbd7 9. g3 Be7 10. Bg2 Rc8 11. O-O Qa5 12. c5 e5 13. b4 Qc7 14. e4 dxe4 15. Nxe4
Nd5 16. dxe5 Qxe5 17. Rb1 Qh5 18. h4 O-O 19. Ng5 Ne5 20. Qe4 Bxg5 21. Bxg5 f6
22. Bd2 Rce8 23. Rb3 g5 24. Qd4 Rd8 25. Bxg5 Qe2 26. Bc1 Qxa2 27. Ra3 Qc2 28. h5
a6 29. h6 g6 30. Qh4 Kh8 31. Be4 Qe2 32. Qh1 Nxb4 33. Re3 Qg4 34. Bb2 Nd5 35.
Rb3 Rf7 36. Qg2 Nc4 37. Bc1 Re7 38. f3 Qe6 39. Qc2 Ne5 40. Bb2 Qh3 41. Bxe5 Rxe5
42. f4 Re7 43. Bxd5 1/2-1/2